Bases biológicas del ejercicio y del entrenamiento

Saved in:
Bibliografiske detaljer
Hovedforfatter: Nocker, Josef (autor)
Format: Bog
Sprog:spansk
Udgivet: Buenos Aires Kapelusz 1980
Serier:Colección de Educación Física
Fag:
Tags: Tilføj Tag
Ingen Tags, Vær først til at tagge denne postø!

MARC

LEADER 00000nam a2200000 a 4500
001 UCZ8050
003 CL-VaPUC
008 960112e19800000AG |||||||||||||||||spa|d
082 0 4 |a 796.077  |b NOC  |2 21 
100 |a Nocker, Josef  |e autor  |9 353155 
245 1 0 |a Bases biológicas del ejercicio y del entrenamiento 
300 |a 126 p 
942 |c BK 
945 |d 19960112 00:00:00  |a cmena 
260 |a Buenos Aires  |b Kapelusz  |c 1980 
650 0 |a Educación física  |9 240893 
650 7 |a EJERCICIO  |2 CL-VaPUC  |9 310040 
650 7 |a DEPORTISTAS  |2 CL-VaPUC  |9 353156 
650 0 |a Atletismo  |9 307422 
650 0 |a Metabolismo  |9 259893 
650 0 |a Fisiología humana   |9 269557 
583 |a last modification  |c 19960112 00:00:00  |k Rodrigo Vera 
490 0 |a Colección de Educación Física 
999 |c 244010  |d 244008 
952 |0 0  |1 0  |4 0  |6 796_077000000000000_NOC_1980  |7 0  |8 P  |9 257915  |a BIBEDU  |b BIBEDU  |c BIBEDU_PB  |d 2019-11-19  |i 1615009  |o 796.077 NOC 1980  |p 1615009  |r 2024-01-25  |w 2019-11-19  |y BK  |k EDU 
952 |0 0  |1 0  |4 0  |6 796_077000000000000_NOC_1980  |7 0  |8 P  |9 257916  |a BIBEDU  |b BIBEDU  |c BIBEDU_PB  |d 2019-11-19  |i 1617958  |o 796.077 NOC 1980  |p 1617958  |r 2024-01-25  |w 2019-11-19  |y BK  |k EDU